[Event "Geraardsbergen op"]
[Site "Geraardsbergen"]
[Date "2003.08.15"]
[Round "1"]
[White "Delanoeije, Patrick"]
[Black "De Wit, Han"]
[Result "1-0"]
[WhiteElo "2044"]
[BlackElo "1584"]
[PlyCount "37"]
[EventDate "2003.08.??"]
[EventType "swiss"]
[EventRounds "7"]
[EventCountry "BEL"]
[SourceTitle "EXT 2005"]
[Source "ChessBase"]
[SourceDate "2004.11.15"]
[SourceVersion "1"]
[SourceVersionDate "2004.11.15"]
[SourceQuality "1"]

1. d4 d5 2. c4 e6 3. Nc3 Nf6 4. Bg5 Be7 5. e3 0-0 6. Nf3 c5 7. dxc5 dxc4 8. Bxc4 Nbd7 9. b4 a5 10. a3 b6 11. c6 Nb8 12. b5 Qxd1+ 13. Kxd1 h6 14. Bh4 g5 15. Bg3 Ne8 16. Na4 Bc5 17. Ke2 Ng7 18. Nxc5 bxc5 19. Bd6 1-0

[Event "Geraardsbergen op"]
[Site "Geraardsbergen"]
[Date "2003.08.14"]
[Round "2"]
[White "De Wit, Han"]
[Black "Jaquet, Reinier"]
[Result "0-1"]
[WhiteElo "1584"]
[BlackElo "1799"]
[PlyCount "72"]
[EventDate "2003.08.??"]
[EventType "swiss"]
[EventRounds "7"]
[EventCountry "BEL"]
[SourceTitle "EXT 2005"]
[Source "ChessBase"]
[SourceDate "2004.11.15"]
[SourceVersion "1"]
[SourceVersionDate "2004.11.15"]
[SourceQuality "1"]

1. d4 g6 2. Bf4 Bg7 3. e3 Nf6 4. Bd3 0-0 5. Nf3 d6 6. c3 Nc6 7. Qc2 Bd7 8. Nbd2 Nh5 9. Bg3 e5 10. Bh4 Bf6 11. Bxf6 Nxf6 12. 0-0-0 b5 13. h4 b4 14. c4 b3 15. Nxb3 Nb4 16. Qb1 Nxd3+ 17. Qxd3 e4 18. Qe2 exf3 19. gxf3 Ba4 20. Rdg1 Bxb3 21. axb3 Rb8 22. Qd3 Nh5 23. Rg5 Qf6 24. f4 Kh8 25. Ra5 Rb7 26. b4 Rxb4 27. Rxa7 Rfb8 28. Ra2 Ng7 29. b3 Rxb3 30. Qxb3 Rxb3 31. Ra8+ Ne8 32. Rxe8+ Kg7 33. Kc2 Rb7 34. h5 Qf5+ 35. e4 Qxf4 36. h6+ Kf6 0-1